000 00276nam a2200121Ia 4500
008 191201s2007 xx 000 0 und d
100 _aKHANKA,SS
245 0 _aHuman Resource Management
260 _aN. Delhi
_bS Chand
_c2007
300 _a449
650 _aMBA
942 _2ddc
_cBK
999 _c209
_d209